| 000 | 00539cam a22001931 04500 | ||
|---|---|---|---|
| 001 | 45023 | ||
| 090 | _a45023 | ||
| 100 | _a19951019d1970 m y0pory5003 ba | ||
| 101 | 1 | _apor | |
| 102 | _aPT | ||
| 200 | 1 |
_aA montanha negra _fRex Stout _gtrad. Fernanda Pinto Rodrigues |
|
| 210 | 9 |
_aLisboa _cLivros do Brasil, _d[D.L. 1970] |
|
| 215 |
_a215, [1] p. _d16 cm |
||
| 225 | 2 |
_aVampiro _v275 |
|
| 675 |
_a821.111(73)-312.4"19" _vBN _zpor |
||
| 700 | 1 |
_aStout, _bRex, _f1886-1975 |
|
| 702 | 1 |
_aRodrigues, _bFernanda Pinto _4730 |
|
| 801 | 0 |
_aPT _bBN _gRPC |
|
| 990 | _cLIVROS | ||